000 00243nam a22000977a 4500
100 _aWodeyar,Sadashiva Shivadeva
_979879
245 _aRani Chennamma
260 _aDelhi
_bNational Books Trust
_c2016
650 _aChildren Book
_979880
942 _cBK
999 _c63433
_d63433